Catálogo público

Introducción a la probabilidad y estadística (Record no. 96179)

MARC details
000 -CABECERA
campo de control de longitud fija 01702nam a22003977a 4500
003 - IDENTIFICADOR DEL NÚMERO DE CONTROL
campo de control CHAP
005 - FECHA Y HORA DE LA ÚLTIMA TRANSACCIÓN
campo de control 20240507091728.0
008 - DATOS DE LONGITUD FIJA--INFORMACIÓN GENERAL
campo de control de longitud fija 090518s2006 mx r 00010 spa d
010 ## - NÚMERO DE CONTROL DE LA BIBLIOTECA DEL CONGRESO
Número de control de LC 96179
011 ## - ENLACE DEL NUMERO DE CONTROL DE LA BIBLIOTECA DEL CONGRESO [OBSOLETO]
Número de control de LC 97151
020 ## - NÚMERO INTERNACIONAL ESTÁNDAR DEL LIBRO
Número Internacional Estándar del Libro 9706867945
020 ## - NÚMERO INTERNACIONAL ESTÁNDAR DEL LIBRO
Número Internacional Estándar del Libro 9789706867940
035 ## - NÚMERO DE CONTROL DEL SISTEMA
Número de control de sistema 107813
040 ## - FUENTE DE LA CATALOGACIÓN
Centro/agencia transcriptor CHAP
082 04 - NÚMERO DE LA CLASIFICACIÓN DECIMAL DEWEY
Número de clasificación 519.2
Número de documento/Ítem M52y 2006
100 00 - ENTRADA PRINCIPAL--NOMBRE DE PERSONA
Nombre de persona Mendenhall, William.
9 (RLIN) 74569
245 10 - MENCIÓN DE TÍTULO
Título Introducción a la probabilidad y estadística
Mención de responsabilidad, etc. /por William Mendenhall, Robert J. Beaver y Barbara M. Beaver
250 ## - MENCIÓN DE EDICIÓN
Mención de edición 12 ed.
260 ## - PUBLICACIÓN, DISTRIBUCIÓN, ETC.
Lugar de publicación, distribución, etc. México, D.F. :
Nombre del editor, distribuidor, etc. Cengage-Thomson,
Fecha de publicación, distribución, etc. 2008
300 ## - DESCRIPCIÓN FÍSICA
Extensión xxiii, 743 p. :
Otras características físicas gráfs., + 1 CD (4 3/4 plgs.)
500 ## - NOTA GENERAL
Nota general Este CD ROM contiene: Conjuntos de datos en los formatos ASCII, Excel, Minitab, SPSS,TI 83, 84 y 89, JMP y SAS; pequeños programas (aplpets) de Seeing Statistics; presentaciones en Power Point; ejercicios de práctica ; manual para calculadora graficadora; vínculos con exámenes de tutoriales; vínculos con recursos para el alumno.
534 ## - NOTA SOBRE LA VERSIÓN ORIGINAL
Frase introductoria Tít. original :
Mención de título del original Introduction to probability and statistics,
Publicación, distribución, etc. del original 2006.
Mención de edición del original 12 ed.
590 ## - NOTA LOCAL (RLIN)
Nota local BATCH-UPD
Procedencia (VM) [OBSOLETO] 10
Condición del los carretes individuales (VM) [OBSOLETO] 20130110
590 ## - NOTA LOCAL (RLIN)
Nota local BATCH-UPD
Procedencia (VM) [OBSOLETO] 10
Condición del los carretes individuales (VM) [OBSOLETO] 20130110
590 ## - NOTA LOCAL (RLIN)
Nota local BATCH-UPD
Procedencia (VM) [OBSOLETO] 10
Condición del los carretes individuales (VM) [OBSOLETO] 20130410
590 ## - NOTA LOCAL (RLIN)
Nota local BATCH-UPD
Procedencia (VM) [OBSOLETO] 10
Condición del los carretes individuales (VM) [OBSOLETO] 20130914
590 ## - NOTA LOCAL (RLIN)
Nota local CONVERSION
Procedencia (VM) [OBSOLETO] 10
Condición del los carretes individuales (VM) [OBSOLETO] 20130109
650 14 - PUNTO DE ACCESO ADICIONAL DE MATERIA--TÉRMINO DE MATERIA
Término de materia o nombre geográfico como elemento de entrada Estadística.
9 (RLIN) 38241
650 14 - PUNTO DE ACCESO ADICIONAL DE MATERIA--TÉRMINO DE MATERIA
Término de materia o nombre geográfico como elemento de entrada Probabilidades.
9 (RLIN) 91687
700 1# - PUNTO DE ACCESO ADICIONAL--NOMBRE DE PERSONA
Nombre de persona Beaver, Barbara M.
9 (RLIN) 11102
700 1# - PUNTO DE ACCESO ADICIONAL--NOMBRE DE PERSONA
Nombre de persona Beaver, Robert J.
9 (RLIN) 11103
901 ## - ELEMENTOS DE DATOS A LOCAL LDA (RLIN)
a BK
942 ## - ELEMENTOS DE PUNTO DE ACCESO ADICIONAL (KOHA)
Tipo de ítem Koha Libro
Fuente del sistema de clasificación o colocación Dewey Decimal Classification
949 ## - PROCESAMIENTO DE INFORMACIÓN LOCAL (OCLC)
a 519.2 M52y 2006
b BC
c LIBRO
d 33724002094330
e LIBRO
g I.c/e
h 110480
i 107813
s o
t $295.00
949 ## - PROCESAMIENTO DE INFORMACIÓN LOCAL (OCLC)
a 519.2 M52y 2006
b BC
c LIBRO
d 33724002094371
e LIBRO
f c.2
g I.c/e
h 110481
i 107813
s o
t $295.00
Holdings
Estado de retiro Estado de pérdida Fuente del sistema de clasificación o colocación Estado dañado Restricciones de uso No para préstamo Código de colección Localización permanente Ubicación/localización actual Ubicación en estantería Fecha de adquisición Fuente de adquisición Información codificada de la localización en otra ubicación Total de préstamos Signatura topográfica completa Código de barras En préstamo Fecha visto por última vez Fecha del último préstamo Precio válido a partir de Tipo de ítem Koha Número de copia Nota pública
    Dewey Decimal Classification   Préstamo 15 días   General Biblioteca Central Biblioteca Central Planta alta - Colección General 31/12/2019 I.c/e LIBRO 2 519.2 M52y 2006 33724002094330 09/04/2022 25/03/2022 25/03/2022 31/12/2019 Libro    
    Dewey Decimal Classification   Préstamo 15 días   General Biblioteca Central Biblioteca Central Planta alta - Colección General 31/12/2019 I.c/e LIBRO   519.2 M52y 2006 33724002094371   31/12/2019   31/12/2019 Libro c.2  
    Dewey Decimal Classification   Préstamo interno   Material multimedia Biblioteca Central Biblioteca Central Planta Principal - Área de préstamo - Mat. Multimedia 07/05/2024       519.2 M52y 2006 33724002588638   07/05/2024   07/05/2024 CD   Material complementario
    Dewey Decimal Classification   Préstamo interno   Material multimedia Biblioteca Central Biblioteca Central Planta Principal - Área de préstamo - Mat. Multimedia 07/05/2024       519.2 M52y 2006 33724002588641   07/05/2024   07/05/2024 CD c.2 Material complementario